Score 0/24 Timer 07:00
5 Plays Today
Character Example Novel % Correct
Bilbo Baggins
J.R.R. Tolkien
The Hobbit
95.2%
Harry Potter †
J.K. Rowling
The Philosopher's Stone
91.5%
Katniss Everdeen
Suzanne Collins
The Hunger Games
86.7%
Lucy Pevensie
C.S. Lewis
The Lion, the Witch and the Wardrobe
82.6%
Jason Bourne
Robert Ludlum
The Bourne Identity
81.4%
Bella Swan
Stephenie Meyer
Twilight
80.2%
James Bond
Ian Fleming
Casino Royale
72.9%
Tyrion Lannister
George R.R. Martin
A Game of Thrones
63.5%
Lisbeth Salander
Stieg Larsson
The Girl with the Dragon Tattoo
62.8%
Sherlock Holmes †
Arthur Conan Doyle
A Study in Scarlet
53.6%
Arthur Dent
Douglas Adams
The Hitchhiker's Guide to the Galaxy
52.7%
Percy Jackson
Rick Riordan
The Lightning Thief
46.7%
Character Example Novel % Correct
Jack Ryan
Tom Clancy
The Hunt for Red October
42.8%
Lyra Silvertongue
Philip Pullman
Northern Lights
42.8%
Winnie-the-Pooh
A.A. Milne
Winnie-the-Pooh
41.3%
Artemis Fowl
Eoin Colfer
Artemis Fowl
36.6%
Violet Baudelaire
Lemony Snicket
The Bad Beginning
29.2%
Alex Cross
James Patterson
Along Came a Spider
23.9%
Roland Deschain
Stephen King
The Gunslinger
21.5%
Alex Rider
Anthony Horowitz
Stormbreaker
15.4%
Meggie Folchart
Cornelia Funke
Inkheart
14.4%
Rincewind
Terry Pratchett
The Colour of Magic
14%
Dirk Pitt
Clive Cussler
Pacific Vortex!
10.8%
Richard Sharpe
Bernard Cornwell
Sharpe's Tiger
7.5%
Come Together.
Have Fun.
All Virtual.
We all need to come together. Play Sporcle's virtual live trivia to have fun, connect with people, and get your trivia on. Join a live hosted trivia game for your favorite pub trivia experience done virtually. If a virtual private party is more your thing, go here for details.

You're not logged in!

Compare scores with friends on all Sporcle quizzes.
OR
Log In

Sporcle TV

Today on Sporcle TV


Watch our educational content, quiz creation guides, and fun videos on Sporcle TV.

Show Comments

Extras

Top Quizzes Today


Score Distribution

Paid Content

Your Account Isn't Verified!

In order to create a playlist on Sporcle, you need to verify the email address you used during registration. Go to your Sporcle Settings to finish the process.

Report this User

Report this user for behavior that violates our Community Guidelines.

Details: